[Event "35th European Club Cup 2019"]
[Site "Ulcinj"]
[Date "2019.11.16"]
[Round "7.4"]
[White "Sengupta, Deep"]
[Black "Rudolf, Henrik"]
[Result "1-0"]
[WhiteElo "2557"]
[BlackElo "2319"]
[Annotator "ChessBase"]
[PlyCount "120"]
[EventDate "2019.11.10"]
[EventType "team-tourn"]
[EventCountry "MNE"]
[SourceTitle "playchess.com"]
[Source "ChessBase"]
[SourceQuality "1"]
[WhiteTeam "Koge SK"]
[BlackTeam "Berlin"]
[TimeControl "40/5400+30:1800+30"]

1. e4 {[%emt 0:00:00]} c5 {[%emt 0:00:00]} 2. Nf3 {[%emt 0:00:00]} Nc6 {[%emt 0:00:00]} 3. Nc3 {[%emt 0:00:12]} e6 {[%emt 0:00:00]} 4. d4 {[%emt 0:00:03]} cxd4 {[%emt 0:00:05]} 5. Nxd4 {[%emt 0:00:03]} Qc7 {[%emt 0:00:11]} 6. g3 {[%emt 0:00:07]} a6 {[%emt 0:00:30]} 7. Bg2 {[%emt 0:00:04]} d6 {[%emt 0:00:16]} 8. Nxc6 {[%emt 0:00:31]} bxc6 {[%emt 0:02:07]} 9. O-O {[%emt 0:00:05]} e5 {[%emt 0:10:49]} 10. Na4 {[%emt 0:02:59]} Bb7 {[%emt 0:20:34]} 11. c4 {[%emt 0:00:51]} c5 {[%emt 0:00:31]} 12. Nc3 {[%emt 0:01:07]} Nf6 {[%emt 0:03:00]} 13. f4 {[%emt 0:21:41]} Be7 {[%emt 0:01:10]} 14. Qe2 {[%emt 0:00:23]} O-O {[%emt 0:02:55]} 15. f5 {[%emt 0:00:25]} h6 {[%emt 0:17:51]} 16. h4 {[%emt 0:01:10]} Rfb8 {[%emt 0:04:26]} 17. Be3 {[%emt 0:04:10]} Bc6 {[%emt 0:01:08]} 18. Rad1 {[%emt 0:00:21]} Rb4 {[%emt 0:05:04]} 19. Bc1 {[%emt 0:02:37]} Rab8 {[%emt 0:04:05]} 20. Rf2 {[%emt 0:09:21]} Qb7 {[%emt 0:04:22]} 21. Bf3 {[%emt 0:05:02]} a5 {[%emt 0:01:05]} 22. g4 {[%emt 0:03:14]} Nh7 {[%emt 0:00:32]} 23. Rh2 {[%emt 0:00:35]} f6 {[%emt 0:11:12]} 24. Qf1 {[%emt 0:03:45]} Qa6 {[%emt 0:00:35]} 25. Be2 {[%emt 0:01:08]} Qa8 {[%emt 0:02:57]} 26. Bd3 {[%emt 0:00:52]} a4 {[%emt 0:00:25]} 27. Rdd2 {[%emt 0:13:53]} Qa5 {[%emt 0:01:28]} 28. Qd1 {[%emt 0:02:07]} Qa8 {[%emt 0:03:23]} 29. Rdg2 {[%emt 0:01:10]} R4b6 {[%emt 0:01:46]} 30. Rg3 {[%emt 0:00:59]} R6b7 {[%emt 0:00:45]} 31. Bf1 {[%emt 0:07:31]} Rb6 {[%emt 0:00:16]} 32. Qc2 {[%emt 0:00:15]} Rb4 {[%emt 0:00:43]} 33. Rd2 {[%emt 0:01:09]} Kh8 {[%emt 0:00:30]} 34. Bd3 {[%emt 0:02:43]} Kg8 {[%emt 0:01:01]} 35. Nd1 {[%emt 0:00:53]} Be8 {[%emt 0:01:03]} 36. Bf1 {[%emt 0:02:08]} Bf7 {[%emt 0:00:14]} 37. Rdg2 {[%emt 0:03:02]} Kf8 {[%emt 0:00:29]} 38. Bd2 {[%emt 0:03:33]} R4b6 {[%emt 0:00:04]} 39. Bc3 {[%emt 0:00:25]} Bd8 {[%emt 0:00:48]} 40. Nf2 {[%emt 0:00:00]} Qa6 {[%emt 0:00:00]} 41. Qe2 {[%emt 0:02:24]} R6b7 {[%emt 0:06:15]} 42. Nh3 {[%emt 0:03:28]} Qa7 {[%emt 0:17:49]} 43. Qd3 {[%emt 0:06:28]} Qa6 {[%emt 0:00:44]} 44. Rd2 {[%emt 0:00:02]} Be7 {[%emt 0:01:24]} 45. Nf2 {[%emt 0:06:19]} Ke8 {[%emt 0:03:22]} 46. Nd1 {[%emt 0:00:18]} Nf8 {[%emt 0:00:08]} 47. Ne3 {[%emt 0:00:37]} Nd7 {[%emt 0:01:08]} 48. Rh2 {[%emt 0:02:05]} Nb6 {[%emt 0:00:24]} 49. g5 {[%emt 0:00:49]} Bf8 {[%emt 0:02:26]} 50. gxf6 {[%emt 0:00:31]} gxf6 {[%emt 0:00:01]} 51. Rg6 {[%emt 0:00:52]} Ke7 {[%emt 0:01:26]} 52. h5 {[%emt 0:00:15]} Rd7 {[%emt 0:00:33]} 53. Be1 {[%emt 0:01:19]} Rdd8 {[%emt 0:00:34]} 54. Bh4 {[%emt 0:00:23]} Nd7 {[%emt 0:00:43]} 55. Nd5+ {[%emt 0:00:23]} Bxd5 {[%emt 0:00:04]} 56. Qxd5 {[%emt 0:00:02]} Rdc8 {[%emt 0:00:57]} 57. Bxf6+ {[%emt 0:02:55]} Nxf6 {[%emt 0:00:15]} 58. Rxf6 {[%emt 0:00:12]} Kd7 {[%emt 0:00:44]} 59. Rf7+ {[%emt 0:00:06]} Be7 {[%emt 0:00:12]} 60. f6 {[%emt 0:00:28]} Rg8+ {[%emt 0:00:24]} 1-0

[Event "35th European Club Cup 2019"]
[Site "Ulcinj"]
[Date "2019.11.16"]
[Round "7.4"]
[White "Maenhout, Thibaut"]
[Black "Nikac, Predrag"]
[Result "1-0"]
[WhiteElo "2372"]
[BlackElo "2309"]
[Annotator "NA"]
[PlyCount "49"]
[EventDate "2019.11.10"]
[EventType "team-tourn"]
[EventCountry "MNE"]
[SourceTitle "playchess.com"]
[Source "ChessBase"]
[SourceQuality "1"]
[WhiteTeam "HWP Sas van Gent"]
[BlackTeam "Buducnost"]
[TimeControl "40/5400+30:1800+30"]

1. e4 {[%emt 0:00:00]} c5 {[%emt 0:00:00]} 2. Nf3 {[%emt 0:00:00]} Nc6 {[%emt 0:00:05]} 3. Bb5 {[%emt 0:00:00]} g6 {[%emt 0:00:14]} 4. Bxc6 {[%emt 0:00:00]} bxc6 {[%emt 0:01:27]} 5. O-O {[%emt 0:00:06]} Bg7 {[%emt 0:00:07]} 6. Re1 {[%emt 0:00:11]} Nf6 {[%emt 0:02:16]} 7. e5 {[%emt 0:00:11]} Nd5 {[%emt 0:00:08]} 8. c4 {[%emt 0:00:07]} Nb6 {[%emt 0:01:18]} 9. d4 {[%emt 0:00:30]} cxd4 {[%emt 0:02:48]} 10. c5 {[%emt 0:05:21]} Nd5 {[%emt 0:06:53]} 11. Qxd4 {[%emt 0:01:01]} Rb8 {[%emt 0:02:58]} 12. Nc3 {[%emt 0:15:07]} Nxc3 {[%emt 0:12:06]} 13. bxc3 {[%emt 0:07:57]} O-O {[%emt 0:00:30]} 14. Qh4 {[%emt 0:01:00]} f6 {[%emt 0:16:18]} 15. Bh6 {[%emt 0:16:03]} Rb5 {[%emt 0:13:24]} 16. Qc4+ {[%emt 0:04:58]} Kh8 {[%emt 0:01:32]} 17. Bxg7+ {[%emt 0:01:25]} Kxg7 {[%emt 0:00:03]} 18. Rad1 {[%emt 0:05:32]} Qe8 {[%emt 0:10:50]} 19. Qd4 {[%emt 0:04:34]} Rb2 {[%emt 0:06:07]} 20. Re3 {[%emt 0:06:43]} e6 {[%emt 0:05:37]} 21. exf6+ {[%emt 0:01:30]} Rxf6 22. Ne5 {[%emt 0:00:41]} h5 {[%emt 0:02:16]} 23. Rg3 {[%emt 0:09:50]} Rfxf2 {[%emt 0:08:44]} 24. Nxg6+ {[%emt 0:00:30]} Kh6 {[%emt 0:04:15]} 25. Nf4 {[%emt 0:00:41]} 1-0

[Event "35th European Club Cup 2019"]
[Site "Ulcinj"]
[Date "2019.11.16"]
[Round "7.4"]
[White "Brazdzionis, Andrius"]
[Black "Umudova, Nargiz"]
[Result "1-0"]
[WhiteElo "2355"]
[BlackElo "2270"]
[Annotator "NA"]
[PlyCount "116"]
[EventDate "2019.11.10"]
[EventType "team-tourn"]
[EventCountry "MNE"]
[SourceTitle "playchess.com"]
[Source "ChessBase"]
[SourceQuality "1"]
[WhiteTeam "MRU-ROSK Consulting"]
[BlackTeam "Echiquier Mosan"]
[TimeControl "40/5400+30:1800+30"]

1. d4 Nf6 2. c4 {[%emt 0:00:00]} e6 {[%emt 0:00:00]} 3. Nf3 {[%emt 0:00:07]} d5 {[%emt 0:00:05]} 4. Nc3 {[%emt 0:00:28]} Be7 {[%emt 0:01:28]} 5. g3 {[%emt 0:00:42]} O-O {[%emt 0:11:25]} 6. Bg2 dxc4 {[%emt 0:02:49]} 7. Ne5 {[%emt 0:01:03]} c5 {[%emt 0:04:21]} 8. dxc5 {[%emt 0:00:14]} Qc7 {[%emt 0:06:35]} 9. Nxc4 Qxc5 {[%emt 0:02:19]} 10. Qb3 {[%emt 0:04:02]} Nc6 {[%emt 0:03:40]} 11. Be3 {[%emt 0:02:21]} Qh5 {[%emt 0:09:22]} 12. h3 {[%emt 0:09:28]} Na5 {[%emt 0:07:34]} 13. Nxa5 {[%emt 0:02:43]} Qxa5 {[%emt 0:00:06]} 14. O-O {[%emt 0:00:17]} Bb4 {[%emt 0:21:16]} 15. Rac1 {[%emt 0:05:57]} Bd7 {[%emt 0:02:47]} 16. a3 {[%emt 0:13:41]} Bd6 {[%emt 0:08:29]} 17. Rfd1 {[%emt 0:04:06]} Be5 {[%emt 0:01:19]} 18. Qxb7 {[%emt 0:01:19]} Rab8 {[%emt 0:03:00]} 19. Qxa7 {[%emt 0:02:03]} Qxa7 {[%emt 0:01:19]} 20. Bxa7 {[%emt 0:00:06]} Rxb2 {[%emt 0:00:04]} 21. e3 {[%emt 0:01:55]} Rb3 {[%emt 0:09:13]} 22. Ne4 {[%emt 0:02:52]} Nxe4 {[%emt 0:00:21]} 23. Bxe4 {[%emt 0:00:10]} Bb5 {[%emt 0:02:34]} 24. Rb1 {[%emt 0:02:57]} Rxb1 {[%emt 0:01:15]} 25. Rxb1 Bc4 26. a4 {[%emt 0:02:41]} f5 {[%emt 0:01:04]} 27. Bf3 {[%emt 0:01:29]} Rd8 {[%emt 0:00:30]} 28. a5 {[%emt 0:02:25]} Rd2 {[%emt 0:00:07]} 29. Rc1 {[%emt 0:01:57]} Bd5 {[%emt 0:00:44]} 30. Bxd5 {[%emt 0:00:34]} exd5 {[%emt 0:00:34]} 31. Bb6 {[%emt 0:05:38]} Ra2 {[%emt 0:00:16]} 32. Rc5 {[%emt 0:00:26]} Kf7 {[%emt 0:00:05]} 33. Rxd5 {[%emt 0:02:06]} Ke6 {[%emt 0:00:37]} 34. Rc5 {[%emt 0:00:30]} Bd6 {[%emt 0:00:30]} 35. Rb5 {[%emt 0:01:24]} Be5 {[%emt 0:01:05]} 36. Bd4 {[%emt 0:00:42]} Bxd4 {[%emt 0:00:30]} 37. exd4 {[%emt 0:00:38]} Ra4 {[%emt 0:00:28]} 38. d5+ Ke5 39. d6+ {[%emt 0:00:44]} Kxd6 {[%emt 0:01:05]} 40. Rxf5 {[%emt 0:00:00]} Ke6 {[%emt 0:00:00]} 41. Rb5 {[%emt 0:00:27]} Kf6 42. Kg2 {[%emt 0:04:16]} g5 {[%emt 0:04:10]} 43. g4 {[%emt 0:00:30]} Ra3 {[%emt 0:00:55]} 44. f3 {[%emt 0:02:36]} Kg6 {[%emt 0:00:19]} 45. Kg3 {[%emt 0:00:17]} h6 {[%emt 0:01:49]} 46. Rc5 {[%emt 0:01:56]} h5 {[%emt 0:13:12]} 47. h4 {[%emt 0:00:30]} gxh4+ {[%emt 0:00:30]} 48. Kxh4 {[%emt 0:00:08]} Rxf3 {[%emt 0:01:31]} 49. Rc6+ {[%emt 0:00:29]} Kf7 {[%emt 0:03:08]} 50. Kxh5 {[%emt 0:00:10]} Rh3+ {[%emt 0:04:27]} 51. Kg5 {[%emt 0:02:47]} Rg3 {[%emt 0:01:17]} 52. Rc7+ {[%emt 0:00:32]} Ke6 {[%emt 0:00:02]} 53. a6 {[%emt 0:00:11]} Ra3 {[%emt 0:00:12]} 54. a7 {[%emt 0:00:19]} Ke5 {[%emt 0:01:00]} 55. Kg6 {[%emt 0:01:52]} Ke6 {[%emt 0:00:30]} 56. Rf7 {[%emt 0:00:30]} Ke5 {[%emt 0:00:47]} 57. g5 {[%emt 0:00:19]} Ke6 {[%emt 0:00:16]} 58. Kg7 {[%emt 0:00:41]} Ra1 1-0

[Event "35th European Club Cup 2019"]
[Site "Ulcinj"]
[Date "2019.11.16"]
[Round "7.5"]
[White "Saric, Ivan"]
[Black "Kryvoruchko, Yuriy"]
[Result "1/2-1/2"]
[WhiteElo "2650"]
[BlackElo "2683"]
[Annotator "TA"]
[PlyCount "63"]
[EventDate "2019.11.10"]
[EventType "team-tourn"]
[EventCountry "MNE"]
[SourceTitle "playchess.com"]
[Source "ChessBase"]
[SourceQuality "1"]
[WhiteTeam "Padova"]
[BlackTeam "Alkaloid"]

{[%evp 20,63,43,39,61,50,58,38,33,35,37,39,36,18,6,7,13,0,58,50,131,118,102,68,117,43,41,39,60,50,50,60,64,51,37,19,31,0,0,0,0,0,0,-66,0,0]} 1. e4 e5 2. Nf3 Nc6 3. Bb5 Nf6 4. d3 d6 5. O-O Be7 6. c3 O-O 7. Re1 a6 8. Ba4 Re8 9. h3 b5 10. Bc2 Bf8 11. Nbd2 d5 {C87: Closed Ruy Lopez: Steinitz-type lines after 6 Re1 d6} 12. a4 b4 $146 ({Predecessor:} 12... Bb7 13. Nf1 h6 14. Ng3 g6 15. axb5 axb5 16. Rxa8 Bxa8 17. Be3 Na5 18. b4 dxe4 19. Nxe4 Nxe4 20. dxe4 {0-1 (46) Papp,P (2300)-Ragger,M (2688) Helsingor 2015}) 13. a5 h6 {White is slightly better.} 14. Ba4 Bb7 15. Qc2 Re6 16. Nb3 bxc3 17. bxc3 dxe4 18. dxe4 Nb8 (18... Rb8 $11) 19. Nbd2 $14 Nfd7 (19... Nbd7 $14) 20. Bb3 $16 Rf6 21. Rb1 Qc8 22. Bd5 (22. Nh2 $16) 22... Bxd5 $1 $14 23. exd5 {aiming for Ne4.} c6 $1 24. Ne4 Rxf3 $1 25. dxc6 Nxc6 26. gxf3 {Qa4 is the strong threat.} Nxa5 27. Rd1 {And now Qa4 would win.} Nc4 28. Qa2 {Hoping for Rxd7!} Ndb6 29. Be3 Nxe3 30. fxe3 Nc4 31. Qa4 ({White should try} 31. Kf2 $11) 31... a5 (31... f5 $15 32. Nf2 Nxe3) 32. Kf2 {Accuracy: White = 47%, Black = 56%.} 1/2-1/2

[Event "35th European Club Cup 2019"]
[Site "Ulcinj"]
[Date "2019.11.16"]
[Round "7.5"]
[White "Lundin, Jan"]
[Black "Rozentalis, Eduardas"]
[Result "1-0"]
[WhiteElo "2300"]
[BlackElo "2547"]
[Annotator "ChessBase"]
[PlyCount "47"]
[EventDate "2019.11.10"]
[EventType "team-tourn"]
[EventCountry "MNE"]
[SourceTitle "playchess.com"]
[Source "ChessBase"]
[SourceQuality "1"]
[WhiteTeam "Berlin"]
[BlackTeam "Koge SK"]
[TimeControl "40/5400+30:1800+30"]

1. d4 {[%emt 0:00:00]} Nf6 {[%emt 0:00:06]} 2. Nf3 {[%emt 0:00:00]} e6 {[%emt 0:00:55]} 3. Bf4 {[%emt 0:00:45]} b6 {[%emt 0:00:52]} 4. e3 {[%emt 0:00:25]} Be7 {[%emt 0:00:35]} 5. h3 {[%emt 0:00:23]} Bb7 {[%emt 0:00:25]} 6. Nbd2 {[%emt 0:00:22]} O-O {[%emt 0:02:10]} 7. Bd3 {[%emt 0:00:14]} c5 {[%emt 0:01:10]} 8. O-O {[%emt 0:00:51]} d6 {[%emt 0:02:28]} 9. c3 {[%emt 0:09:42]} Nc6 {[%emt 0:04:50]} 10. Qe2 {[%emt 0:02:09]} a6 {[%emt 0:04:44]} 11. Rfd1 {[%emt 0:02:03]} Re8 {[%emt 0:06:54]} 12. dxc5 {[%emt 0:07:54]} bxc5 {[%emt 0:01:29]} 13. e4 {[%emt 0:00:16]} d5 {[%emt 0:03:37]} 14. e5 {[%emt 0:05:37]} Nd7 {[%emt 0:00:33]} 15. Nf1 {[%emt 0:03:32]} c4 {[%emt 0:12:03]} 16. Bc2 {[%emt 0:05:11]} f6 {[%emt 0:07:35]} 17. exf6 {[%emt 0:13:12]} Bxf6 {[%emt 0:00:13]} 18. Ne3 {[%emt 0:00:20]} Qe7 {[%emt 0:11:52]} 19. Rd2 {[%emt 0:05:42]} Rf8 {[%emt 0:12:02]} 20. Re1 {[%emt 0:09:22]} Rae8 {[%emt 0:05:56]} 21. Qd1 {[%emt 0:11:07]} Qc5 {[%emt 0:06:22]} 22. Nxd5 {[%emt 0:10:08]} Bd4 {[%emt 0:03:02]} 23. Nc7 {[%emt 0:02:23]} Rxf4 {[%emt 0:01:37]} 24. Nxe8 {[%emt 0:02:34]} 1-0

[Event "35th European Club Cup 2019"]
[Site "Ulcinj"]
[Date "2019.11.16"]
[Round "7.5"]
[White "Noiroux, Kevin"]
[Black "Sakalauskas, Vaidas"]
[Result "1/2-1/2"]
[WhiteElo "2170"]
[BlackElo "2319"]
[Annotator "NA"]
[PlyCount "67"]
[EventDate "2019.11.10"]
[EventType "team-tourn"]
[EventCountry "MNE"]
[SourceTitle "playchess.com"]
[Source "ChessBase"]
[SourceQuality "1"]
[WhiteTeam "Echiquier Mosan"]
[BlackTeam "MRU-ROSK Consulting"]
[TimeControl "40/5400+30:1800+30"]

1. d4 {[%emt 0:00:00]} d5 {[%emt 0:00:00]} 2. Nf3 {[%emt 0:00:00]} e6 {[%emt 0:00:30]} 3. Bf4 {[%emt 0:00:00]} Nf6 {[%emt 0:00:29]} 4. e3 {[%emt 0:00:00]} Bd6 {[%emt 0:00:26]} 5. Bg3 {[%emt 0:00:00]} O-O {[%emt 0:00:37]} 6. Nbd2 {[%emt 0:00:03]} c5 {[%emt 0:00:43]} 7. c3 {[%emt 0:00:05]} b6 {[%emt 0:00:36]} 8. Bd3 {[%emt 0:00:48]} Nc6 {[%emt 0:01:45]} 9. Qe2 {[%emt 0:04:28]} Bb7 {[%emt 0:03:50]} 10. O-O {[%emt 0:00:46]} Bxg3 {[%emt 0:09:13]} 11. hxg3 {[%emt 0:00:32]} Qe7 {[%emt 0:07:57]} 12. Ne5 {[%emt 0:09:17]} Nxe5 {[%emt 0:10:59]} 13. dxe5 {[%emt 0:00:06]} Ne4 {[%emt 0:09:43]} 14. Bxe4 {[%emt 0:05:00]} dxe4 {[%emt 0:00:03]} 15. Qg4 {[%emt 0:00:15]} Qc7 {[%emt 0:00:08]} 16. Qf4 {[%emt 0:01:11]} f5 {[%emt 0:06:17]} 17. exf6 {[%emt 0:13:22]} Qxf4 {[%emt 0:00:53]} 18. exf4 {[%emt 0:00:06]} gxf6 {[%emt 0:00:08]} 19. Rfe1 {[%emt 0:01:30]} f5 {[%emt 0:00:39]} 20. Nc4 {[%emt 0:00:29]} Rad8 {[%emt 0:01:24]} 21. Rad1 {[%emt 0:02:37]} Kg7 {[%emt 0:01:21]} 22. Ne3 {[%emt 0:09:27]} Kf6 {[%emt 0:03:59]} 23. Rxd8 {[%emt 0:00:48]} Rxd8 {[%emt 0:00:08]} 24. Rd1 {[%emt 0:00:04]} Rxd1+ {[%emt 0:02:41]} 25. Nxd1 {[%emt 0:00:02]} Ba6 {[%emt 0:00:57]} 26. Ne3 {[%emt 0:01:03]} Be2 {[%emt 0:00:28]} 27. Kh2 {[%emt 0:01:03]} b5 {[%emt 0:19:41]} 28. b4 {[%emt 0:03:08]} cxb4 {[%emt 0:01:40]} 29. cxb4 {[%emt 0:00:09]} e5 {[%emt 0:04:41]} 30. Kh3 {[%emt 0:01:04]} Ke6 {[%emt 0:01:54]} 31. Kh4 {[%emt 0:00:35]} h6 {[%emt 0:00:18]} 32. Kh3 {[%emt 0:00:07]} Kf6 {[%emt 0:00:56]} 33. Nd5+ {[%emt 0:00:10]} Ke6 {[%emt 0:00:19]} 34. Ne3 {[%emt 0:00:06] Kd5} 1/2-1/2

[Event "35th European Club Cup 2019"]
[Site "Ulcinj"]
[Date "2019.11.16"]
[Round "7.5"]
[White "Alivodic, Dario"]
[Black "De Schampheleire, Glen"]
[Result "1/2-1/2"]
[WhiteElo "2082"]
[BlackElo "2359"]
[Annotator "NA"]
[PlyCount "77"]
[EventDate "2019.11.10"]
[EventType "team-tourn"]
[EventCountry "MNE"]
[SourceTitle "playchess.com"]
[Source "ChessBase"]
[SourceQuality "1"]
[WhiteTeam "Buducnost"]
[BlackTeam "HWP Sas van Gent"]
[TimeControl "40/5400+30:1800+30"]

1. e4 {[%emt 0:00:00]} c5 {[%emt 0:00:00]} 2. b4 {[%emt 0:00:00]} cxb4 {[%emt 0:00:49]} 3. d4 {[%emt 0:00:00]} d5 {[%emt 0:02:50]} 4. exd5 {[%emt 0:00:58]} Nf6 {[%emt 0:00:08]} 5. a3 {[%emt 0:00:05]} Qxd5 {[%emt 0:01:21]} 6. Nf3 {[%emt 0:15:04]} Bg4 {[%emt 0:00:16]} 7. Be2 {[%emt 0:07:08]} e6 {[%emt 0:01:28]} 8. c4 {[%emt 0:00:30]} Qd7 {[%emt 0:15:29]} 9. h3 {[%emt 0:05:36]} Bxf3 {[%emt 0:01:32]} 10. Bxf3 {[%emt 0:00:03]} Nc6 {[%emt 0:00:08]} 11. d5 {[%emt 0:06:16]} Ne5 {[%emt 0:01:29]} 12. O-O {[%emt 0:06:51]} Be7 {[%emt 0:06:28]} 13. Re1 {[%emt 0:07:32]} Nxf3+ {[%emt 0:04:01]} 14. Qxf3 {[%emt 0:00:14]} exd5 {[%emt 0:00:47]} 15. Qe2 {[%emt 0:05:59]} dxc4 {[%emt 0:03:49]} 16. Bb2 {[%emt 0:20:18]} c3 {[%emt 0:25:20]} 17. Bxc3 {[%emt 0:00:53]} bxc3 {[%emt 0:00:34]} 18. Nxc3 {[%emt 0:00:13]} O-O {[%emt 0:04:26]} 19. Qxe7 {[%emt 0:00:05]} Qc6 {[%emt 0:00:05]} 20. Ne4 {[%emt 0:02:53]} Nxe4 {[%emt 0:05:18]} 21. Qxe4 {[%emt 0:00:30]} Qa6 {[%emt 0:00:08]} 22. Qe7 {[%emt 0:04:12]} h6 {[%emt 0:10:47]} 23. Rad1 {[%emt 0:00:24]} b5 {[%emt 0:00:16]} 24. Re3 {[%emt 0:01:52]} Qc6 {[%emt 0:01:50]} 25. Rd6 {[%emt 0:01:10]} Qc1+ {[%emt 0:05:36]} 26. Kh2 {[%emt 0:00:09]} Qb2 {[%emt 0:00:04]} 27. Rg3 {[%emt 0:04:55]} Rfe8 {[%emt 0:00:09]} 28. Qh4 {[%emt 0:00:53]} Kh7 {[%emt 0:02:25]} 29. Qh5 {[%emt 0:02:04]} Qxf2 {[%emt 0:01:47]} 30. Rf3 {[%emt 0:01:48]} Qb2 {[%emt 0:01:09]} 31. Rxh6+ {[%emt 0:03:49]} gxh6 {[%emt 0:00:07]} 32. Rxf7+ {[%emt 0:00:03]} Qg7 {[%emt 0:00:13]} 33. Rxg7+ {[%emt 0:00:18]} Kxg7 {[%emt 0:00:01]} 34. Qxb5 {[%emt 0:00:07]} Rf8 {[%emt 0:01:21]} 35. Qe5+ {[%emt 0:00:17]} Rf6 {[%emt 0:01:05]} 36. Qe7+ {[%emt 0:00:50]} Rf7 {[%emt 0:00:25]} 37. Qe5+ {[%emt 0:00:52]} Rf6 {[%emt 0:01:44]} 38. Qe7+ {[%emt 0:00:26]} Rf7 {[%emt 0:00:07]} 39. Qe5+ 1/2-1/2

[Event "35th European Club Cup 2019"]
[Site "Ulcinj"]
[Date "2019.11.16"]
[Round "7.6"]
[White "Kovalev, Vladislav"]
[Black "Vocaturo, Daniele"]
[Result "0-1"]
[WhiteElo "2674"]
[BlackElo "2615"]
[Annotator "ChessBase"]
[PlyCount "54"]
[EventDate "2019.11.10"]
[EventType "team-tourn"]
[EventCountry "MNE"]
[SourceTitle "playchess.com"]
[Source "ChessBase"]
[SourceQuality "1"]
[WhiteTeam "Alkaloid"]
[BlackTeam "Padova"]
[TimeControl "40/5400+30:1800+30"]

1. e4 {[%emt 0:00:13]} e6 {[%emt 0:00:00]} 2. d4 {[%emt 0:00:12]} d5 {[%emt 0:00:10]} 3. Nd2 {[%emt 0:00:37]} c5 {[%emt 0:00:29]} 4. Ngf3 {[%emt 0:00:19]} cxd4 {[%emt 0:00:26]} 5. exd5 {[%emt 0:00:53]} Qxd5 {[%emt 0:00:31]} 6. Bc4 {[%emt 0:00:05]} Qd7 {[%emt 0:00:29]} 7. O-O {[%emt 0:00:25]} Nc6 {[%emt 0:00:35]} 8. Nb3 {[%emt 0:00:09]} Nf6 {[%emt 0:00:28]} 9. Nbxd4 {[%emt 0:00:36]} Nxd4 {[%emt 0:00:24]} 10. Nxd4 {[%emt 0:00:09]} a6 {[%emt 0:00:40]} 11. Re1 {[%emt 0:02:33]} b5 {[%emt 0:02:57]} 12. Bb3 {[%emt 0:04:47]} Bb7 {[%emt 0:02:52]} 13. Bg5 {[%emt 0:04:25]} Ne4 {[%emt 0:07:13]} 14. Bh4 {[%emt 0:11:21]} g5 {[%emt 0:01:38]} 15. Bg3 {[%emt 0:01:20]} Nxg3 {[%emt 0:00:59]} 16. hxg3 {[%emt 0:00:11]} O-O-O {[%emt 0:01:20]} 17. c3 {[%emt 0:09:49]} h5 {[%emt 0:00:38]} 18. Re3 {[%emt 0:29:01]} h4 {[%emt 0:07:47]} 19. Qg4 {[%emt 0:07:15]} hxg3 {[%emt 0:03:30]} 20. fxg3 {[%emt 0:02:49]} Bc5 {[%emt 0:10:40]} 21. Rf1 {[%emt 0:03:35]} Qc6 {[%emt 0:09:09]} 22. Re2 {[%emt 0:09:39]} f5 {[%emt 0:08:05]} 23. Qf3 {[%emt 0:05:37]} Qb6 {[%emt 0:02:42]} 24. Bxe6+ {[%emt 0:01:21]} Kb8 {[%emt 0:00:07]} 25. Qxf5 {[%emt 0:01:22]} Rxd4 {[%emt 0:00:21]} 26. cxd4 {[%emt 0:00:05]} Bxd4+ {[%emt 0:00:04]} 27. Rff2 {[%emt 0:02:25]} Qc6 {[%emt 0:00:32]} 0-1

[Event "35th European Club Cup 2019"]
[Site "Ulcinj"]
[Date "2019.11.16"]
[Round "7.6"]
[White "Smith, Axel"]
[Black "Nogly, Christoph"]
[Result "1-0"]
[WhiteElo "2465"]
[BlackElo "2235"]
[Annotator "ChessBase"]
[PlyCount "93"]
[EventDate "2019.11.10"]
[EventType "team-tourn"]
[EventCountry "MNE"]
[SourceTitle "playchess.com"]
[Source "ChessBase"]
[SourceQuality "1"]
[WhiteTeam "Koge SK"]
[BlackTeam "Berlin"]
[TimeControl "40/5400+30:1800+30"]

1. c4 {[%emt 0:00:00]} e6 {[%emt 0:00:00]} 2. Nc3 {[%emt 0:00:00]} d5 {[%emt 0:00:00]} 3. d4 {[%emt 0:00:00]} Nf6 {[%emt 0:00:00]} 4. Bg5 {[%emt 0:00:00]} Nbd7 {[%emt 0:00:50]} 5. e3 {[%emt 0:00:00]} h6 {[%emt 0:00:25]} 6. Bh4 {[%emt 0:00:00]} Be7 {[%emt 0:00:26]} 7. Nf3 {[%emt 0:00:28]} O-O {[%emt 0:01:18]} 8. Rc1 {[%emt 0:00:03]} Re8 {[%emt 0:04:15]} 9. Qc2 {[%emt 0:08:01]} c6 {[%emt 0:05:14]} 10. Bd3 {[%emt 0:08:28]} a6 {[%emt 0:09:54]} 11. O-O {[%emt 0:12:25]} dxc4 {[%emt 0:01:24]} 12. Bxc4 {[%emt 0:00:01]} b5 {[%emt 0:00:14]} 13. Be2 {[%emt 0:05:56]} Bb7 {[%emt 0:15:57]} 14. Rfd1 {[%emt 0:11:38]} Rc8 {[%emt 0:04:42]} 15. Ne5 {[%emt 0:05:19]} Qc7 {[%emt 0:14:24]} 16. Nxd7 {[%emt 0:01:11]} Qxd7 {[%emt 0:09:49]} 17. Bxf6 {[%emt 0:01:01]} Bxf6 {[%emt 0:00:06]} 18. Ne4 {[%emt 0:00:14]} Be7 {[%emt 0:00:12]} 19. Nc5 {[%emt 0:03:43]} Qc7 {[%emt 0:04:05]} 20. Bf3 {[%emt 0:02:13]} Red8 {[%emt 0:00:55]} 21. Qe4 {[%emt 0:02:14]} Bxc5 {[%emt 0:01:39]} 22. Rxc5 {[%emt 0:00:21]} Rd5 {[%emt 0:04:19]} 23. Rdc1 {[%emt 0:00:42]} Rxc5 {[%emt 0:04:17]} 24. Rxc5 {[%emt 0:00:28]} Qa5 {[%emt 0:00:10]} 25. Qb1 {[%emt 0:00:15]} Qd8 {[%emt 0:02:25]} 26. g3 {[%emt 0:01:12]} Qd6 {[%emt 0:00:10]} 27. h4 {[%emt 0:02:08]} Ba8 {[%emt 0:06:15]} 28. Qe4 {[%emt 0:02:04]} Rd8 {[%emt 0:03:31]} 29. Bd1 {[%emt 0:09:08]} Bb7 {[%emt 0:02:42]} 30. b4 {[%emt 0:09:27]} Qe7 {[%emt 0:03:03]} 31. Bc2 {[%emt 0:01:22]} Qf6 {[%emt 0:00:11]} 32. h5 {[%emt 0:05:23]} Kf8 {[%emt 0:00:09]} 33. Qh7 {[%emt 0:03:32]} Ke7 {[%emt 0:00:17]} 34. Be4 {[%emt 0:00:36]} Kd7 {[%emt 0:00:41]} 35. Kg2 {[%emt 0:03:23]} Kc7 {[%emt 0:00:37]} 36. Bf3 {[%emt 0:00:07]} Kb6 {[%emt 0:00:44]} 37. Qc2 {[%emt 0:00:44]} Rc8 {[%emt 0:01:35]} 38. a4 {[%emt 0:00:02]} bxa4 {[%emt 0:00:43]} 39. Qxa4 {[%emt 0:00:01]} Qe7 {[%emt 0:00:38]} 40. Qa3 {[%emt 0:00:00]} Qd7 {[%emt 0:00:00]} 41. Qd3 {[%emt 0:04:19]} Qe7 {[%emt 0:04:30]} 42. Qh7 {[%emt 0:05:40]} Qf6 {[%emt 0:01:04]} 43. Qc2 {[%emt 0:00:02]} Qd8 {[%emt 0:00:57]} 44. Qc3 {[%emt 0:00:49]} Qd7 {[%emt 0:06:06]} 45. d5 {[%emt 0:06:46]} cxd5 {[%emt 0:10:12]} 46. Qd4 {[%emt 0:00:56]} e5 {[%emt 0:00:51]} 47. Rc6+ {[%emt 0:01:01]} 1-0